000 00581nam a2200265Ia 4500
005 20260306163747.0
008 008 260114s9999 xx 000 0 eng d
020 _a9781479891405
037 _aEBOOK
040 _aCRL
040 _beng
040 _cCRL
041 _2eng
041 _aeng
084 _qCRL
100 _aMusser
_91129020
245 0 _aSensational Flesh
260 _bNYU Press
260 _c2016
650 _aSocial Work
856 _uhttps://academic.oup.com/book/21316
942 _cEBOOK
999 _c1711386
_d1711386